Statistics for QWERTY words

Click here to take the quiz!

General Stats

  • This quiz has been taken 603 times
  • The average score is 10 of 20

Answer Stats

HintAnswer% Correct
World continentEurope
93%
A mistakeError
78%
To explode, spew lavaErupt
74%
More silentQuieter
68%
Early writing machineTypewriter
67%
Equatorial capital cityQuito
62%
One-on-one instructorTutor
62%
Common kitchen spicePepper
54%
A marionette operatorPuppeteer
53%
Literary Belgian detectivePoirot
50%
Limericks or sonnets, egPoetry
49%
Attractive, cutePretty
48%
A rapid ballet spinPirouette
44%
Scottie or Yorkie, eg.Terrier
41%
To inflict extreme crueltyTorture
40%
Good manners; polite behaviourEtiquette
35%
A piece of real estateProperty
28%
Castle towerTurret
25%
Web-footed mammalOtter
19%
An area of land; a regionTerritory
14%

Score Distribution

Percentile by Number Answered

Percent of People with Each Score

Your Score History

You have not taken this quiz